Type the alphabet a-z - Statistics

General Stats
  • This quiz has been taken 34 times
  • The average score is 11 of 26
Answer Stats
Answer % Correct
A
100%
B
67%
C
67%
D
67%
E
67%
F
67%
G
67%
H
67%
I
67%
J
50%
K
33%
L
33%
M
33%
N
33%
O
33%
P
33%
Q
17%
R
17%
S
17%
T
17%
U
17%
V
17%
W
17%
X
17%
Y
17%
Z
17%
No matching quizzes found
Score Distribution
Percent of People with Each Score
Percentile by Number Answered
Your Score History
You have not taken this quiz